000 00542nam a2200217 a 4500
999 _c9895
_d9895
001 9895
003 BD-JhCC
005 20180403101528.0
008 180403s1962 n |||| || | 000 0 eng d
035 _a(BD-JhCC)9895
040 _aBD-JhCC
_dBD-JhCC
041 _aeng
082 _a928
_bFRA 1962
245 _aThe Autography of Benjamin Franklin /
_cLewis Leary,
260 _aNew York :
_bColler Books,
_c1962
300 _a160 p. :
_c18 cm.
650 _aAutobiography
700 _aLeary, Lewis
942 _2ddc
_cBK